000 00311 a2200109 4500
000 nam a22 7a 4500
020 _a9781801101189
100 _aMasterton, Graham
245 _aBlack Angel ; A satanic murder. A terrifying secret. A demonic force unleashed .
260 _bHead of Zeus,
_c2021
264 _c2021
999 _c86768
_d86768